Catálogo

Vista normal Vista MARC

Entrada Personal Name

Número de registros utilizados en: 1

001 - CONTROL NUMBER

  • control field: 16731

003 - CONTROL NUMBER IDENTIFIER

  • control field: DLC

005 - DATE AND TIME OF LATEST TRANSACTION

  • control field: 20250211150439.0

008 - FIXED-LENGTH DATA ELEMENTS

  • fixed length control field: 971030n| acannaab |n aaa c

010 ## - LIBRARY OF CONGRESS CONTROL NUMBER

  • LC control number: nr 97038783

040 ## - CATALOGING SOURCE

  • Original cataloging agency: NjP
  • Transcribing agency: Mx-PuUPA
  • Modifying agency: DLC
  • Modifying agency: Mx-PuUPA
  • Language of cataloging: spa
  • Description conventions: rda

046 ## - SPECIAL CODED DATES

  • Birth date: 1958-

100 10 - HEADING--PERSONAL NAME

  • Personal name: Vigo, Alejandro G.,
  • Dates associated with a name: 1958-

374 ## - OCCUPATION

  • Occupation: Autor

375 ## - GENDER

  • Gender: hombre

377 ## - ASSOCIATED LANGUAGE

  • Language code: spa

670 ## - SOURCE DATA FOUND

  • Source citation: Zeit und Praxis bei Aristoteles, c1996:
  • Information found: t.p. (Alejandro G. Vigo) p. 2 (Prof. Dr. phil., b. 1958 in Buenos Aires; at Univ. Los Andes in Santiago, Chile)

670 ## - SOURCE DATA FOUND

  • Source citation: Estudios aristotélicos, 2006:
  • Information found: t.p. (Alejandro G. Vigo)